Piłkarze Widzewa Łódź - nagła śmierć - Statystyki

Ogólne statystyki
  • Ten quiz został rozwiązany 313 razy
  • Średni wynik to 6 z 16
Answers on the Grid
Answers color-coded by a green-red scale on the quiz's grid according to % correct below.
Bartlomiej Pawlowski
Euzebiusz Smolarek
Tomasz Frankowski
Rafał Gikiewicz
Erik Expósito
Dušan Kuciak
Zbigniew Boniek
Mateusz Klich
Artur Sobiech
Imad Rondic
Afimico Pululu
Jakub Rzeźniczak
Filip Marchwiński
Jakub Wawrzyniak
Valentin Cojocaru
Włodzimierz Smolarek
Rafał Augustyniak
Kamil Wilczek
Artur Wichniarek
Marc Gual
Włodzimierz Lubański
Mariusz Stepinski
Benjamin Källman
Marcin Robak
Przemysław Kaźmierczak
Dudu Paraíba
Dante Stipica
Mariusz Fornalczyk
Said Hamulic
Vladan Kovačević
Józef Młynarczyk
Maciej Szczęsny
 
Statystyki odpowiedzi
Odpowiedź % Poprawnych
Bartlomiej Pawlowski
90%
Rafał Gikiewicz
60%
Zbigniew Boniek
50%
Imad Rondic
43%
Mariusz Fornalczyk
43%
Włodzimierz Smolarek
42%
Artur Wichniarek
34%
Marcin Robak
34%
Mariusz Stepinski
34%
Said Hamulic
34%
Józef Młynarczyk
32%
Maciej Szczęsny
31%
Rafał Augustyniak
25%
Jakub Wawrzyniak
23%
Jakub Rzeźniczak
22%
Dudu Paraíba
17%
Nie znaleziono quizów pasujących do podanych kryteriów
Rozkład punktacji
Procent ludzi z każdym wynikiem
Percentyl według liczby udzielonych odpowiedzi
Twoja historia wyników
Nie rozwiązałeś tego quizu